[Event "European Youth Chess Championship G12"]
[Site "Prague, Top Hotel Prague"]
[Date "2016.08.25"]
[Round "7.19"]
[White "Zeliantsova, Kseniya"]
[Black "Mihailova, Alina"]
[Result "1-0"]
[WhiteElo "1723"]
[BlackElo "1579"]
[PlyCount "63"]
[EventDate "2016.08.18"]

1. e4 d5 2. exd5 Nf6 3. d4 Bg4 4. Nf3 Qxd5 5. Be2 e6 6. c4 Qh5 7. Nc3 Nbd7 8.
Qb3 O-O-O 9. Nb5 Kb8 10. Bf4 Ne8 11. h3 a6 12. Nc3 Ndf6 13. O-O-O Qf5 14. Bh2
Bh5 15. g4 Nxg4 16. hxg4 Bxg4 17. Rd3 Nd6 18. c5 Ne4 19. Nxe4 Qxe4 20. Re3 Qc6
21. Rg1 Bf5 22. Ne5 Qe8 23. Bf3 Qb5 24. Qxb5 axb5 25. Nxf7 Rxd4 26. Nxh8 Bxc5
27. Rxg7 Rc4+ 28. Rc3 Bd4 29. Rxc4 bxc4 30. Rxc7 Bxh8 31. Rxb7+ Kc8 32. Bc6 1-0

[Event "European Youth Chess Championship G12"]
[Site "Prague, Top Hotel Prague"]
[Date "2016.08.25"]
[Round "7.20"]
[White "Karavitaki, Evaggelia"]
[Black "Donghvani, Nia"]
[Result "1-0"]
[WhiteElo "1581"]
[BlackElo "1686"]
[PlyCount "55"]
[EventDate "2016.08.18"]

1. e4 c5 2. Nf3 d6 3. c3 Nf6 4. Be2 Nbd7 5. d3 b6 6. O-O g6 7. Nbd2 Bb7 8. Re1
Bg7 9. a4 O-O 10. Bf1 Ne5 11. h3 Nxf3+ 12. Nxf3 c4 13. e5 dxe5 14. Nxe5 cxd3
15. Bxd3 e6 16. Bf4 Nd5 17. Bg3 Qe7 18. Qe2 Rfd8 19. Rad1 Rac8 20. Ng4 Qc5 21.
Be5 Bxe5 22. Qxe5 Qc7 23. Nh6+ Kf8 24. Qh8+ Ke7 25. Qxh7 Rf8 26. Bxg6 Nf6 27.
Nf5+ Ke8 28. Rxe6+ 1-0

[Event "European Youth Chess Championship G12"]
[Site "Prague, Top Hotel Prague"]
[Date "2016.08.25"]
[Round "7.21"]
[White "Goraj, Barbara"]
[Black "Kasaeva, Sofiia"]
[Result "1-0"]
[WhiteElo "1619"]
[BlackElo "1514"]
[PlyCount "101"]
[EventDate "2016.08.18"]

1. e4 c5 2. Nf3 e6 3. d4 cxd4 4. Nxd4 a6 5. Bd3 Qc7 6. O-O Nc6 7. Nxc6 dxc6 8.
Qe2 Bd7 9. Be3 Nf6 10. Nd2 c5 11. f4 Be7 12. c4 e5 13. f5 Rd8 14. h3 Qd6 15.
Bc2 h5 16. Nf3 b5 17. Rfd1 Qc7 18. Rd2 Rb8 19. Bg5 bxc4 20. Bxf6 Bxf6 21. Qxc4
Rxb2 22. Rd5 O-O 23. Rxc5 Qb6 24. Kh1 Rb5 25. Rc7 Rb4 26. Qc3 Be8 27. Rd1 Rb2
28. a3 Qb8 29. g4 hxg4 30. hxg4 Rb7 31. Rc8 Qa7 32. g5 Be7 33. Qxe5 Qf2 34. Rc3
Rb2 35. Rd2 Qf1+ 36. Kh2 Rb7 37. f6 Rd7 38. fxe7 Rxd2+ 39. Nxd2 Qf2+ 40. Kh1
Qe1+ 41. Kg2 Qe2+ 42. Kg1 Qxd2 43. exf8=Q+ Kxf8 44. Qc5+ Kg8 45. Qe3 Qd7 46. g6
Qg4+ 47. Qg3 Qxg6 48. Qxg6 fxg6 49. Bd3 a5 50. Rc5 a4 51. Bb5 1-0

[Event "European Youth Chess Championship G12"]
[Site "Prague, Top Hotel Prague"]
[Date "2016.08.25"]
[Round "7.22"]
[White "Toncheva, Nadya"]
[Black "Khachatryan, Nadezhda"]
[Result "1/2-1/2"]
[WhiteElo "1689"]
[BlackElo "1507"]
[PlyCount "117"]
[EventDate "2016.08.18"]

1. d4 d5 2. c4 dxc4 3. Nf3 Nf6 4. e3 e6 5. Bxc4 c5 6. O-O a6 7. dxc5 Qxd1 8.
Rxd1 Bxc5 9. a3 b5 10. Be2 Bb7 11. b4 Be7 12. a4 bxa4 13. Rxa4 Nc6 14. Bd2 O-O
15. Na3 Nd5 16. Nc2 Rfd8 17. Rda1 Bf6 18. R1a2 Nc7 19. Nce1 Be7 20. Nd3 Na7 21.
Nc5 Bxc5 22. bxc5 Nab5 23. Nd4 Nxd4 24. exd4 Nb5 25. Bxb5 axb5 26. Ra7 Rxa7 27.
Rxa7 Ra8 28. Rxa8+ Bxa8 29. f3 Bc6 30. Kf2 Kf8 31. Ke3 Ke7 32. Kd3 Kd7 33. Kc3
Kc7 34. Kb4 Bd7 35. f4 Kc6 36. Ka5 Bc8 37. f5 exf5 38. Kb4 Bd7 39. Kc3 Kd5 40.
Kd3 Bc6 41. Bb4 Ke6 42. g3 g5 43. Bd2 f6 44. Kc3 h5 45. Kc2 Kd5 46. Kd3 h4 47.
gxh4 gxh4 48. h3 Ke6 49. Be1 Bg2 50. Kc3 Bxh3 51. Bxh4 f4 52. Kb4 Bf1 53. Ka5
f3 54. Kb4 f5 55. Bf2 Kd5 56. Ka5 f4 57. Kb4 Bc4 58. Ka5 Bd3 59. Kb4 1/2-1/2

[Event "European Youth Chess Championship G12"]
[Site "Prague, Top Hotel Prague"]
[Date "2016.08.25"]
[Round "7.23"]
[White "Vozarova, Adriana"]
[Black "Lhotska, Anna"]
[Result "0-1"]
[WhiteElo "1500"]
[BlackElo "1611"]
[PlyCount "54"]
[EventDate "2016.08.18"]

1. e4 c5 2. Nf3 d6 3. d4 cxd4 4. Nxd4 Nf6 5. Nc3 a6 6. f3 e5 7. Nb3 Be6 8. Be3
Be7 9. Qd2 O-O 10. O-O-O Nbd7 11. g4 b5 12. h4 Nb6 13. Kb1 Nc4 14. Bxc4 Bxc4
15. h5 b4 16. Na4 Rb8 17. g5 Nd7 18. g6 Nf6 19. h6 fxg6 20. hxg7 Rf7 21. Rdg1
Rxg7 22. Bh6 Rf7 23. Qh2 Qe8 24. Rxg6+ hxg6 25. f4 Rh7 26. f5 Bf8 27. Qg3 Rxh6
0-1

[Event "European Youth Chess Championship G12"]
[Site "Prague, Top Hotel Prague"]
[Date "2016.08.25"]
[Round "7.24"]
[White "Hertlein, Irena"]
[Black "Bellahcene, Sofia"]
[Result "0-1"]
[WhiteElo "1488"]
[BlackElo "1603"]
[PlyCount "108"]
[EventDate "2016.08.18"]

1. d4 d5 2. Nf3 e6 3. c4 c6 4. Qc2 f5 5. g3 Nf6 6. Bg2 Bd6 7. O-O Nbd7 8. Nbd2
O-O 9. b3 Ne4 10. e3 Ndf6 11. Nxe4 Nxe4 12. Nd2 Qd7 13. Nxe4 fxe4 14. Qc3 b6
15. a4 a5 16. Ba3 Bxa3 17. Rxa3 Qe7 18. Ra2 Qb4 19. Qc2 c5 20. dxc5 bxc5 21.
Rc1 Bb7 22. Rb2 Rac8 23. Bh3 Rc6 24. Qd2 Qxd2 25. Rxd2 Rd8 26. cxd5 exd5 27.
Rdc2 d4 28. exd4 Rxd4 29. Rxc5 Rxc5 30. Rxc5 Rd1+ 31. Bf1 Ba6 32. Rxa5 Bxf1 33.
h4 Be2+ 34. Kh2 Bf3 35. g4 Rh1+ 36. Kg3 Rg1+ 37. Kh3 Bxg4+ 38. Kh2 Rb1 39. Rb5
Bd1 40. a5 Rxb3 41. Rb6 Ra3 42. a6 h6 43. Rb8+ Kh7 44. Ra8 Bf3 45. a7 e3 46.
Rf8 exf2 47. Rxf3 Rxf3 48. a8=Q f1=Q 49. Qe4+ Rf5 50. h5 Qf4+ 51. Qxf4 Rxf4 52.
Kg3 Rf5 53. Kg4 Rg5+ 54. Kh4 Kg8 0-1

[Event "European Youth Chess Championship G12"]
[Site "Prague, Top Hotel Prague"]
[Date "2016.08.25"]
[Round "7.25"]
[White "Sleurs, Juliette"]
[Black "Efendieva, Alina"]
[Result "1-0"]
[WhiteElo "1479"]
[BlackElo "1589"]
[PlyCount "115"]
[EventDate "2016.08.18"]

1. Nf3 Nf6 2. g3 g6 3. b3 Bg7 4. Bb2 d6 5. d4 c5 6. Bg2 cxd4 7. Nxd4 d5 8. O-O
O-O 9. Nf3 Nc6 10. Ne5 Qd6 11. Nxc6 bxc6 12. Nd2 Ba6 13. Rc1 Rad8 14. c4 Rfe8
15. Qc2 e5 16. e4 Bh6 17. exd5 cxd5 18. Rcd1 e4 19. Nxe4 Nxe4 20. Bxe4 Qb4 21.
Bc3 Qe7 22. Bxd5 Bb7 23. Rfe1 Qc7 24. Bxb7 Qxb7 25. Rxd8 Rxd8 26. Qe4 Qxe4 27.
Rxe4 f5 28. Re7 a6 29. Re6 Ra8 30. Kf1 f4 31. Bd2 a5 32. Bxf4 Bxf4 33. gxf4 Kf7
34. Re5 Kf6 35. Rb5 Ke6 36. Ke2 Ra7 37. Ke3 Kd6 38. f5 Re7+ 39. Kf4 gxf5 40.
Rxa5 Re2 41. Kf3 Rc2 42. c5+ Kc6 43. b4 Rc3+ 44. Kg2 Rc4 45. a3 Rg4+ 46. Kf3
Rh4 47. Ra6+ Kb7 48. b5 Rxh2 49. c6+ Kc7 50. Ra7+ Kb8 51. b6 Rh3+ 52. Kg2 Rc3
53. c7+ Kc8 54. Ra8+ Kb7 55. Rb8+ Ka6 56. c8=Q+ Rxc8 57. Rxc8 Kxb6 58. Rh8 1-0

[Event "European Youth Chess Championship G12"]
[Site "Prague, Top Hotel Prague"]
[Date "2016.08.25"]
[Round "7.26"]
[White "Pisova, Petra"]
[Black "Ramaiya, Arushi"]
[Result "1-0"]
[WhiteElo "1555"]
[BlackElo "1468"]
[PlyCount "91"]
[EventDate "2016.08.18"]

1. e4 c5 2. Nc3 Nc6 3. g3 g6 4. Bg2 Bg7 5. d3 e6 6. f4 Nge7 7. Be3 Qb6 8. Rb1
d6 9. Nf3 O-O 10. O-O Nd4 11. Ne2 Nxe2+ 12. Qxe2 Qc7 13. c3 f5 14. Rfd1 b6 15.
Bf2 e5 16. Nd2 fxe4 17. dxe4 exf4 18. gxf4 Rxf4 19. Bg3 Rf8 20. Nc4 Be5 21.
Nxd6 Bxg3 22. hxg3 Be6 23. b3 Rad8 24. e5 Nf5 25. Bh3 Kh8 26. Bxf5 Bxf5 27. Rb2
Be6 28. Rbd2 Kg8 29. Kh2 Qe7 30. Ne4 Rxd2 31. Qxd2 Bf5 32. Qd5+ Kg7 33. Nf6 Kh8
34. Kg2 Bc8 35. Kh2 Bf5 36. Kg2 h6 37. Rh1 h5 38. g4 Be6 39. Qd3 Bf7 40. gxh5
Kg7 41. hxg6 Qxe5 42. Nh5+ Kh6 43. gxf7 Qg5+ 44. Ng3+ Kg7 45. Rh7+ Kf6 46. Qd6#
1-0

[Event "European Youth Chess Championship G12"]
[Site "Prague, Top Hotel Prague"]
[Date "2016.08.25"]
[Round "7.27"]
[White "Dgebuadze, Marie"]
[Black "Shehzad, Alisha"]
[Result "1-0"]
[WhiteElo "1449"]
[BlackElo "1528"]
[PlyCount "149"]
[EventDate "2016.08.18"]

1. d4 d5 2. Nf3 Nf6 3. Bf4 c5 4. c3 Nc6 5. e3 Qb6 6. Qc2 g6 7. Nbd2 Bf5 8. Qb3
c4 9. Qxb6 axb6 10. Be2 b5 11. Ne5 Bg7 12. O-O Nxe5 13. Bxe5 O-O 14. Bf3 Rfd8
15. Bxf6 Bxf6 16. e4 Be6 17. exd5 Bxd5 18. Bxd5 Rxd5 19. b3 cxb3 20. axb3 Rc8
21. Ne4 Bg7 22. Rac1 f5 23. Nc5 b6 24. Ne6 Bh6 25. f4 Rd6 26. Rfe1 Kf7 27. Ng5+
Bxg5 28. fxg5 Rdc6 29. Re3 Ra8 30. c4 Ra3 31. Rce1 Ra7 32. cxb5 Rd6 33. Rd3 Rd5
34. Re5 Rad7 35. Rxd5 Rxd5 36. Kf2 Rxb5 37. Ke3 Ke6 38. Kf4 Rb4 39. Re3+ Kd6
40. Rd3 Kd5 41. Ke3 e6 42. g3 Kd6 43. Kd2 Rb5 44. Kc3 Ra5 45. Kc4 Ra8 46. Kb5
Rb8 47. Re3 Kd5 48. Re5+ Kd6 49. b4 Rc8 50. Kxb6 Rc4 51. b5 Rxd4 52. Re3 Rc4
53. Ka7 Ra4+ 54. Kb7 e5 55. b6 e4 56. Kb8 Rb4 57. b7 Rb1 58. Ra3 Kd5 59. Ka7
Kd4 60. b8=Q Rxb8 61. Kxb8 e3 62. Kc7 e2 63. Ra1 Kd3 64. Kd7 Kd2 65. Ke7 e1=Q+
66. Rxe1 Kxe1 67. Kf7 Kf2 68. Kg7 h5 69. gxh6 g5 70. h7 f4 71. gxf4 gxf4 72.
h8=Q f3 73. Qh4+ Kg2 74. Qe1 Kh3 75. Qg3# 1-0

[Event "European Youth Chess Championship G12"]
[Site "Prague, Top Hotel Prague"]
[Date "2016.08.25"]
[Round "7.28"]
[White "Tryggestad, Linnea Garberg"]
[Black "Rahulan, Thivyaa"]
[Result "1-0"]
[WhiteElo "1528"]
[BlackElo "1428"]
[PlyCount "51"]
[EventDate "2016.08.18"]

1. e4 e6 2. d4 d5 3. exd5 exd5 4. Nf3 Nf6 5. Bd3 Bd6 6. O-O O-O 7. Bg5 Bg4 8.
Nbd2 c6 9. Re1 Nbd7 10. c3 Qb6 11. Qc2 Rfe8 12. h3 Bh5 13. Ne5 Nxe5 14. dxe5
Bxe5 15. Bxf6 Bxf6 16. Bxh7+ Kh8 17. Bd3 Bh4 18. Nb3 Bg6 19. Bxg6 fxg6 20.
Rxe8+ Rxe8 21. Nd4 c5 22. Nf3 Bd8 23. Qd2 Bc7 24. Re1 Rd8 25. Ng5 Kg8 26. Qxd5+
1-0

[Event "European Youth Chess Championship G12"]
[Site "Prague, Top Hotel Prague"]
[Date "2016.08.25"]
[Round "7.29"]
[White "Koksa, Jelena"]
[Black "Desai, Nilomi"]
[Result "1/2-1/2"]
[WhiteElo "1463"]
[BlackElo "1511"]
[PlyCount "88"]
[EventDate "2016.08.18"]

1. e4 c6 2. Nc3 d5 3. Nf3 Bg4 4. h3 Bxf3 5. Qxf3 e6 6. a3 Nf6 7. d3 Nbd7 8. g3
Be7 9. Bg2 O-O 10. O-O Qb6 11. Qe2 Bd6 12. Kh1 Rfd8 13. f4 g6 14. e5 Nh5 15.
Qe1 Be7 16. g4 Ng7 17. Qg3 Kh8 18. Ne2 Qc7 19. c4 dxc4 20. dxc4 Nc5 21. Be3 Nd7
22. Rad1 Nb6 23. c5 Nd5 24. Bxd5 Rxd5 25. Rxd5 cxd5 26. b4 a5 27. Nd4 Rg8 28.
Nb5 Qd7 29. Nd6 Bxd6 30. cxd6 axb4 31. axb4 Rc8 32. Rc1 Rxc1+ 33. Bxc1 Qb5 34.
Qe1 Qc6 35. Be3 d4+ 36. Kg1 dxe3 37. Qxe3 Ne8 38. Qc5 Qd7 39. b5 Kg7 40. Kf2 f6
41. h4 Kf7 42. Ke3 fxe5 43. fxe5 h6 44. Ke4 Kg7 1/2-1/2

[Event "European Youth Chess Championship G12"]
[Site "Prague, Top Hotel Prague"]
[Date "2016.08.25"]
[Round "7.30"]
[White "Guillo, Longares Cecilia"]
[Black "Sawhney, Anisha"]
[Result "1-0"]
[WhiteElo "1845"]
[BlackElo "1301"]
[PlyCount "48"]
[EventDate "2016.08.18"]

1. d4 Nf6 2. c4 g6 3. g3 c5 4. d5 b5 5. Qc2 d6 6. Bg2 Bb7 7. e4 Na6 8. cxb5 Nb4
9. Qe2 Qa5 10. Nc3 a6 11. Nh3 axb5 12. O-O Bg7 13. a3 Ba6 14. axb4 Qb6 15. Be3
Qb7 16. e5 Ng8 17. exd6 cxb4 18. Nxb5 Bxb5 19. Rxa8+ Kd7 20. Ra7 Kxd6 21. Bc5+
Kxc5 22. Qc2+ Bc4 23. Rxb7 b3 24. Rxb3 Bh6 1-0

[Event "European Youth Chess Championship G12"]
[Site "Prague, Top Hotel Prague"]
[Date "2016.08.25"]
[Round "7.31"]
[White "Maresova, Michaela"]
[Black "Korenova, Simona"]
[Result "0-1"]
[WhiteElo "1430"]
[BlackElo "1612"]
[PlyCount "52"]
[EventDate "2016.08.18"]

1. d4 d5 2. c4 c6 3. Nf3 Nf6 4. Nc3 Bf5 5. Qb3 b6 6. Ne5 e6 7. cxd5 exd5 8. Bg5
Be7 9. Bxf6 Bxf6 10. e4 Bxe5 11. dxe5 dxe4 12. Bc4 Qe7 13. O-O b5 14. Be2 Qxe5
15. Rfd1 O-O 16. Rac1 Nd7 17. f3 Nc5 18. Qb4 a5 19. Qd4 Qxd4+ 20. Rxd4 exf3 21.
Bxf3 Nd3 22. Rd1 Nxb2 23. R1d2 Nc4 24. Rd1 Rac8 25. a4 c5 26. Rd5 Ne3 0-1

[Event "European Youth Chess Championship G12"]
[Site "Prague, Top Hotel Prague"]
[Date "2016.08.25"]
[Round "7.32"]
[White "Van Den Brink, Nienke"]
[Black "Katter, Katharina"]
[Result "1/2-1/2"]
[WhiteElo "1612"]
[BlackElo "1380"]
[PlyCount "115"]
[EventDate "2016.08.18"]

1. Nc3 d5 2. e4 d4 3. Nce2 e5 4. d3 Be6 5. f4 f6 6. Nf3 Nd7 7. fxe5 fxe5 8. Ng3
Bb4+ 9. Bd2 Bxd2+ 10. Qxd2 Ngf6 11. Be2 a6 12. Qg5 Qe7 13. O-O O-O-O 14. Nh5
Rhg8 15. Nxe5 h6 16. Ng6 Qe8 17. Qg3 Nxh5 18. Bxh5 Nf6 19. Be2 Bf7 20. Ne5 Be6
21. Nf3 Ng4 22. Nxd4 Rxd4 23. Bxg4 Bxg4 24. Qxg4+ Kb8 25. Qf4 Qc6 26. Qe3 Rgd8
27. Qe2 Qb6 28. Qe3 Qxb2 29. Qc1 Qb6 30. Rb1 Qc5 31. Kh1 b6 32. Rf7 g5 33. Rf6
h5 34. Rf5 Qc6 35. Rxg5 Rh8 36. Qb2 Rdd8 37. Rd5 Rdf8 38. Rf5 Rd8 39. Rd5 Rdf8
40. Rf5 Rd8 41. Rbf1 Rdg8 42. Rg5 Re8 43. Rff5 Rd8 44. Rxh5 Rxh5 45. Rxh5 Qxe4
46. Qa1 Qf4 47. Rh8 Rxh8 48. Qxh8+ Kb7 49. Qa1 Qf2 50. Qd1 Qd4 51. Qb1 Qf2 52.
a4 Ka7 53. c4 Qe3 54. Qd1 Qd4 55. h3 Qc5 56. g4 Qc6+ 57. Kg1 Qc5+ 58. Kh1
1/2-1/2

[Event "European Youth Chess Championship G12"]
[Site "Prague, Top Hotel Prague"]
[Date "2016.08.25"]
[Round "7.33"]
[White "Bolu, Yagmur"]
[Black "Simonova, Stela"]
[Result "1-0"]
[WhiteElo "1510"]
[BlackElo "1393"]
[PlyCount "105"]
[EventDate "2016.08.18"]

1. d4 d5 2. Bf4 Nf6 3. e3 Bf5 4. Nf3 e6 5. Be2 Nc6 6. a3 Be7 7. c4 O-O 8. Nc3
a6 9. O-O Re8 10. Rc1 Bd6 11. Bg3 Bxg3 12. hxg3 Qd7 13. Qb3 b6 14. Ne5 Nxe5 15.
dxe5 Ne4 16. Nxe4 Bxe4 17. f3 Bg6 18. cxd5 exd5 19. Rfd1 Rxe5 20. f4 Re7 21.
Rxd5 Qe6 22. Rcd1 h6 23. Rd8+ Rxd8 24. Rxd8+ Kh7 25. Qxe6 Rxe6 26. Kf2 a5 27.
Bg4 f5 28. Bf3 Re7 29. g4 fxg4 30. Bxg4 Be4 31. Bf3 Bf5 32. g4 Bg6 33. f5 Bf7
34. Bc6 Bc4 35. Kf3 g6 36. e4 Kg7 37. Re8 Rxe8 38. Bxe8 gxf5 39. gxf5 Kf6 40.
Kf4 Ke7 41. Bh5 Kf8 42. f6 Be6 43. Bg4 Bf7 44. e5 h5 45. Bh3 h4 46. Kg5 c5 47.
Kxh4 b5 48. e6 Bxe6 49. Bxe6 b4 50. axb4 cxb4 51. b3 Ke8 52. Kg4 Kf8 53. Kf4
1-0

[Event "European Youth Chess Championship G12"]
[Site "Prague, Top Hotel Prague"]
[Date "2016.08.25"]
[Round "7.34"]
[White "Lobanova, Milana"]
[Black "Maione, Melissa"]
[Result "1-0"]
[WhiteElo "1348"]
[BlackElo "1494"]
[PlyCount "85"]
[EventDate "2016.08.18"]

1. d4 d5 2. e4 dxe4 3. Nc3 Nf6 4. Bg5 Nd5 5. Nxe4 h6 6. Bh4 g5 7. Bg3 c6 8. Qe2
Bf5 9. Nd6+ Kd7 10. Nxf5 e6 11. Ne3 Qa5+ 12. Kd1 Bg7 13. Nxd5 exd5 14. Qg4+ Ke7
15. Be5 f6 16. Bxb8 Raxb8 17. c3 Rbe8 18. f4 h5 19. Qf5 g4 20. b4 Qa4+ 21. Qc2
Qxc2+ 22. Kxc2 Kd7 23. Bd3 Re7 24. Ne2 Rhe8 25. Ng3 h4 26. Nf5 Rf7 27. Nxh4 Bf8
28. Rhe1 Ra8 29. Bf5+ Kc7 30. Bxg4 b5 31. a4 Kb6 32. axb5 Kxb5 33. Kd3 Rh7 34.
g3 Rg7 35. Bf5 Be7 36. Ng6 Bd8 37. h4 Bc7 38. h5 Rh7 39. g4 a6 40. Re6 Bd8 41.
Rh1 Raa7 42. h6 Raf7 43. Re8 1-0

[Event "European Youth Chess Championship G12"]
[Site "Prague, Top Hotel Prague"]
[Date "2016.08.25"]
[Round "7.35"]
[White "Basovskiy, Jana"]
[Black "Ruzic, Pia Marie"]
[Result "0-1"]
[WhiteElo "1488"]
[BlackElo "1353"]
[PlyCount "76"]
[EventDate "2016.08.18"]

1. e4 e6 2. Qe2 c5 3. d3 Nc6 4. Nf3 g6 5. g3 Bg7 6. Bg2 Nge7 7. O-O O-O 8. c3
b6 9. Nbd2 Bb7 10. Rd1 Qc7 11. Nf1 d5 12. h4 Rad8 13. Be3 Ba6 14. Qc2 Rd7 15.
N1h2 Rfd8 16. Ne1 d4 17. Bc1 dxc3 18. bxc3 Ne5 19. Bf4 Qc8 20. Bxe5 Bxe5 21.
Ng4 Bg7 22. e5 h5 23. Nf6+ Bxf6 24. exf6 Nd5 25. Bxd5 Rxd5 26. c4 R5d6 27. Qd2
e5 28. Qg5 Qe6 29. Nf3 Qxf6 30. Qxf6 Rxf6 31. Nxe5 Rfd6 32. Kf1 Kg7 33. Re1 f6
34. Nf3 Kf7 35. Re4 Rxd3 36. Kg2 Bb7 37. Re3 Rxe3 38. fxe3 Rd2+ 0-1

[Event "European Youth Chess Championship G12"]
[Site "Prague, Top Hotel Prague"]
[Date "2016.08.25"]
[Round "7.36"]
[White "Sild, Marta Pauliine"]
[Black "Dimitrijevic, Andjela"]
[Result "1/2-1/2"]
[WhiteElo "1239"]
[BlackElo "1468"]
[PlyCount "76"]
[EventDate "2016.08.18"]

1. e4 e5 2. Bc4 Bc5 3. d3 Nf6 4. Nc3 Nc6 5. f4 d6 6. Nf3 Ng4 7. Qe2 Nd4 8. Nxd4
Bxd4 9. f5 Qh4+ 10. g3 Qh3 11. Nd1 h5 12. Bg5 f6 13. Bh4 Rh6 14. Qf1 Qxf1+ 15.
Kxf1 Ne3+ 16. Nxe3 Bxe3 17. Ke2 Bb6 18. c3 Ke7 19. h3 g5 20. fxg6 Rxg6 21. Rad1
Be6 22. Bxe6 Kxe6 23. Rhf1 Rd8 24. Rf5 Rh6 25. Rdf1 Rf8 26. Kd2 c6 27. Ke2 Rf7
28. a3 Bd8 29. d4 a6 30. Kd3 b5 31. b3 Rb7 32. Ke3 a5 33. Rd1 Rd7 34. Rdf1 Rb7
35. Rd1 Rd7 36. Rdf1 Ra7 37. Rd1 Rd7 38. Rdf1 Kf7 1/2-1/2

[Event "European Youth Chess Championship G12"]
[Site "Prague, Top Hotel Prague"]
[Date "2016.08.25"]
[Round "7.38"]
[White "Babineca, Darja"]
[Black "Urbanc, Tina"]
[Result "0-1"]
[WhiteElo "1686"]
[BlackElo "1419"]
[PlyCount "86"]
[EventDate "2016.08.18"]

1. e4 e6 2. d3 b6 3. Nf3 Bb7 4. g3 Ne7 5. Nbd2 d5 6. Qe2 c5 7. exd5 Nxd5 8. Ne4
Nc6 9. Bg2 Be7 10. Bd2 O-O 11. h4 Ndb4 12. Bxb4 cxb4 13. Rh2 Nd4 14. Nxd4 Qxd4
15. c3 bxc3 16. bxc3 Qd7 17. f4 Rac8 18. Rc1 Rfd8 19. d4 Qc7 20. Qd3 Bb4 21.
Kf2 Bxe4 22. Bxe4 Bxc3 23. Bxh7+ Kh8 24. Kf3 Rxd4 25. Qxd4 Bxd4 26. Rxc7 Rxc7
27. Rc2 Rd7 28. Bd3 Bc5 29. Bb5 Rd4 30. a4 Kg8 31. Re2 a6 32. Bxa6 Rxa4 33. Bb7
b5 34. Rb2 b4 35. Be4 Ra3+ 36. Kg2 b3 37. Kh3 Bd4 38. Rd2 Ra4 39. Rd3 Rb4 40.
Rd1 b2 41. h5 Bf6 42. Bc2 Rc4 43. Rd2 Rxc2 0-1

[Event "European Youth Chess Championship G12"]
[Site "Prague, Top Hotel Prague"]
[Date "2016.08.25"]
[Round "7.39"]
[White "Di, Maulo Alessandra"]
[Black "Garau, Francesca"]
[Result "1/2-1/2"]
[WhiteElo "1397"]
[BlackElo "1621"]
[PlyCount "87"]
[EventDate "2016.08.18"]

1. e4 c6 2. d4 d5 3. exd5 cxd5 4. Bd3 Nc6 5. c3 Nf6 6. Bf4 Bg4 7. Qc2 e6 8. Nd2
Bd6 9. Bg3 Qc7 10. Ngf3 a6 11. O-O h6 12. Rfe1 Bxf3 13. Nxf3 O-O 14. Re2 b5 15.
Bxd6 Qxd6 16. h3 b4 17. Ne5 Rfc8 18. Qd2 bxc3 19. bxc3 Nd7 20. Nxd7 Qxd7 21.
Rb1 Rab8 22. Rxb8 Nxb8 23. Re1 Qa4 24. Rb1 Nd7 25. Rb7 Qc6 26. Rb3 a5 27. Bb5
Qc7 28. Qd3 Ra8 29. Ba4 Nb6 30. Bb5 Nc4 31. Qe2 Nb6 32. Qe3 Rb8 33. Be2 a4 34.
Rb4 a3 35. Rb3 Ra8 36. Qc1 Qa7 37. Qc2 Qa4 38. Bb5 Qa5 39. Bd3 g5 40. Kf1 Rc8
41. Qc1 Ra8 42. Qc2 Rc8 43. Qc1 Ra8 44. Qc2 1/2-1/2

[Event "European Youth Chess Championship G12"]
[Site "Prague, Top Hotel Prague"]
[Date "2016.08.25"]
[Round "7.40"]
[White "Skigelstrand, Live Jorgensen"]
[Black "Kuhar, Larisa"]
[Result "1/2-1/2"]
[WhiteElo "1525"]
[BlackElo "1378"]
[PlyCount "62"]
[EventDate "2016.08.18"]

1. d4 d5 2. c4 dxc4 3. e3 Nf6 4. Bxc4 e6 5. Nf3 c5 6. O-O cxd4 7. exd4 Be7 8.
Bf4 O-O 9. Nbd2 a6 10. Nb3 b5 11. Be2 Nbd7 12. Ne5 Nxe5 13. Bxe5 Bb7 14. Nc5
Bd5 15. Bf3 Bxf3 16. Qxf3 Nd5 17. a3 Bxc5 18. dxc5 Qd7 19. Rfd1 Rac8 20. Bd6
Rfd8 21. Qg3 Qe8 22. f4 Ne7 23. Bxe7 Qxe7 24. b4 Qf6 25. Qg5 Qxg5 26. fxg5 Kf8
27. Kf2 Ke7 28. Ke2 Rd5 29. Rxd5 exd5 30. Ke3 Ke6 31. Kd4 Rd8 1/2-1/2

[Event "European Youth Chess Championship G12"]
[Site "Prague, Top Hotel Prague"]
[Date "2016.08.25"]
[Round "7.41"]
[White "Rolinkova, Lucie"]
[Black "Qasem, Huda"]
[Result "0-1"]
[WhiteElo "1274"]
[BlackElo "1459"]
[PlyCount "52"]
[EventDate "2016.08.18"]

1. e4 c5 2. Nf3 Nc6 3. d4 cxd4 4. Nxd4 e5 5. Nb3 Nf6 6. Nc3 Bb4 7. Bd3 d5 8.
exd5 Nxd5 9. Bd2 Nxc3 10. bxc3 Bd6 11. O-O O-O 12. Qh5 f5 13. f3 Qf6 14. g4 Qg6
15. Qh3 h6 16. Kh1 fxg4 17. fxg4 Bxg4 18. Qh4 e4 19. Bc4+ Kh8 20. Nd4 Nxd4 21.
cxd4 Rxf1+ 22. Rxf1 Bf3+ 23. Rxf3 exf3 24. Qf2 Qxc2 25. Bd5 Qd1+ 26. Be1 Bb4
0-1

[Event "European Youth Chess Championship G12"]
[Site "Prague, Top Hotel Prague"]
[Date "2016.08.25"]
[Round "7.42"]
[White "Villanyi, Alexia"]
[Black "Subjakova, Kristina"]
[Result "1/2-1/2"]
[WhiteElo "1439"]
[BlackElo "1271"]
[PlyCount "108"]
[EventDate "2016.08.18"]

1. e4 e5 2. Nf3 Nc6 3. Nc3 Nf6 4. Bb5 Bb4 5. O-O O-O 6. d3 d6 7. Ne2 a6 8. Ba4
Be6 9. c3 Ba5 10. Ng3 b5 11. Bb3 h6 12. d4 d5 13. dxe5 Nxe4 14. Bc2 Nxg3 15.
fxg3 Bb6+ 16. Kh1 Bg4 17. Qd3 g6 18. Re1 Re8 19. e6 Rxe6 20. Rxe6 Bxe6 21. Bxh6
Bf5 22. Qd2 Bxc2 23. Qxc2 Qd7 24. Rf1 d4 25. Qd2 Re8 26. Ng5 f5 27. g4 d3 28.
Nf3 Re2 29. Qd1 Qd5 30. Re1 Qe4 31. Rxe2 dxe2 32. Qb3+ Qc4 33. Qxc4+ bxc4 34.
g3 Bf2 35. Bd2 fxg4 36. Kg2 gxf3+ 37. Kxf2 Ne5 38. b3 Nd3+ 39. Kxf3 e1=Q 40.
Bxe1 Nxe1+ 41. Ke3 cxb3 42. axb3 Kf7 43. c4 Nc2+ 44. Kd3 Nb4+ 45. Kd4 Nc2+ 46.
Kc5 Ke7 47. Kc6 Nd4+ 48. Kxc7 Nxb3 49. Kb6 a5 50. Kb5 Kd6 51. h4 Nd4+ 52. Kxa5
Kc5 53. g4 Nf3 54. h5 gxh5 1/2-1/2

[Event "European Youth Chess Championship G12"]
[Site "Prague, Top Hotel Prague"]
[Date "2016.08.25"]
[Round "7.43"]
[White "Burdot, Clara"]
[Black "Djordjevic, Nevena"]
[Result "1/2-1/2"]
[WhiteElo "1094"]
[BlackElo "1431"]
[PlyCount "80"]
[EventDate "2016.08.18"]

1. e4 e5 2. Nf3 Nc6 3. Nc3 Nf6 4. d4 exd4 5. Nxd4 Bb4 6. Nxc6 bxc6 7. Bd3 O-O
8. O-O d5 9. exd5 cxd5 10. Bg5 c6 11. Qf3 h6 12. Bxf6 Qxf6 13. Qxf6 gxf6 14. a3
Bd6 15. Rfe1 Rb8 16. Rab1 Be6 17. b4 Rfc8 18. Kf1 Bd7 19. Ne2 c5 20. bxc5 Bxc5
21. Ra1 Bb5 22. a4 Bxd3 23. cxd3 Rb2 24. Rab1 Ra2 25. Ra1 Rb2 26. Rab1 Rcb8 27.
Rbc1 Bb4 28. Red1 Bd2 29. Ra1 R8b3 30. Nd4 Rxd3 31. Nf3 Rxf3 32. gxf3 d4 33.
Rab1 Ra2 34. Rb7 a5 35. Rb6 Kg7 36. Rbb1 Bc3 37. Rb6 Rxa4 38. Ke2 Ra2+ 39. Kf1
Kg6 40. Rdb1 Kg7 1/2-1/2

[Event "European Youth Chess Championship G12"]
[Site "Prague, Top Hotel Prague"]
[Date "2016.08.25"]
[Round "7.44"]
[White "Belozerova, Olga"]
[Black "Stastna, Martina"]
[Result "0-1"]
[WhiteElo "1070"]
[BlackElo "1423"]
[PlyCount "64"]
[EventDate "2016.08.18"]

1. d4 d5 2. c4 e6 3. Nf3 c5 4. cxd5 exd5 5. dxc5 Bxc5 6. Nc3 Nf6 7. e3 Nc6 8.
Bb5 a6 9. Ba4 Bb4 10. Bb3 Be6 11. O-O Bxc3 12. bxc3 O-O 13. Ba3 Re8 14. Rc1 Na5
15. Ba4 b5 16. Bc2 Rc8 17. Nd4 Nc4 18. Nxe6 fxe6 19. Qe2 Nxa3 20. Bb3 Nc4 21.
Bxc4 Rxc4 22. Rfd1 Qe7 23. Rd4 Rec8 24. Rxc4 Rxc4 25. Rb1 Rxc3 26. Rb3 Rc1+ 27.
Qf1 Rxf1+ 28. Kxf1 Ne4 29. Ra3 Qxa3 30. f3 Qc1+ 31. Ke2 Qd2+ 32. Kf1 Qd1# 0-1